000 00709nam a2200193Ia 4500
001 114259
003 DR-UNIBE
005 20260112111356.0
008 251202b2001 dr ||||| |||| 00| 0 spa d
040 _cBIBLIOTECA UNIBE
_aBIBLIOTECA UNIBE
_erda
041 _aspa
_hspa
082 _aF-RD 6022
245 1 0 _aRepública Dominicana :
_bLey 146-00 de refroma arancelaria. Ley 147-00 de reforma tributaria
260 _aSanto Domingo :
_bEdiciones Jurídicas Trajano Potentini,
_c2001
300 _a14 páginas
650 7 _2lemb
_aNotarios
_xLegislación
_zRepública Dominicana
_9201607
650 7 _aColegio dominicano de notarios
_zRepública Dominicana
_9201608
942 _2ddc
_cMX
999 _c114259
_d114259